000 00536nam a2200217Ia 4500
003 OSt
005 20220928151956.0
006 a|||||r|||| 00| 0
007 ta
008 220927b |||||||| |||| 00| 0 eng d
024 _a138544
037 _cTextual
040 _aSDCL
_cSDCL
_beng
041 _2eng
_aeng
082 _aQ, L6
100 _aTermmel William Calloley
_9518749
245 0 _aReligion
_b What is it.
260 _c1976
942 _hQ, L6
_cTEXL
_2CC
999 _c853739
_d853739